000 00600nam a2200205 u 4500
005 20240228064259.0
008 170310s2007 r 000 0 eng d
020 _a9789705802768
035 _aUPN01000216666
049 _aI
050 4 _aPZ7
_bE9.7
100 1 _aEun-Jin, Kang
_940282
245 1 3 _aEl sexto cumpleaños /
_cKang Eun-Jin ; il. Kim Han-Na.
260 _aMéxico :
_bAltea,
_c2007.
300 _a[36] p. :
_bil. col.
534 _pTítulo original:
_tThe sixth birthday
650 4 _aLibros y lectura para niños
_92290
650 4 _aCuentos infantiles
_96744
905 _aInfantil
999 _c188766
_d188766